00460 2200181 4500245004300000020001800043250001100061100001500072700002000087650001600107005001900123260003000142041001400172084000800186300002700194500004800221336000900269 aMisteri Patung GaramcRuwi MeitahText a979-780-786-x aCet. 1 aRuwi Meita aSulung S. Hanum aNovel Horor a20231005131603 aJakartabGagasMediac2015 aIndonesia a813 avi, 278 hlm. :c19 cm. aDia sangat sadis dan dia masih berkeliaran. atext